Sports Quiz

Random Sports or MLB Quiz

MLB All-Star Center Fielders (NL) Quiz Stats

Quiz Updated Jul 15, 2016

Challenge
Share
Tweet
Embed
Score 0/88 Timer 10:00
0 Plays Today
Year Name % Correct
1957Willie Mays
90.5%
1958Willie Mays
90.5%
1959 (1)Willie Mays
90.5%
1959 (2)Willie Mays
90.5%
1960 (1)Willie Mays
90.5%
1960 (2)Willie Mays
90.5%
1961 (2)Willie Mays
90.5%
1962 (1)Willie Mays
90.5%
1962 (2)Willie Mays
90.5%
1961 (1)Willie Mays
90.5%
1963Willie Mays
90.5%
1964Willie Mays
90.5%
1965Willie Mays
90.5%
1966Willie Mays
90.5%
1968Willie Mays
90.5%
1970Willie Mays
90.5%
1971Willie Mays
90.5%
1972Willie Mays
90.5%
2014Andrew McCutchen
81.8%
2015Andrew McCutchen
80%
2011Matt Kemp
74.4%
2013Bryce Harper
74.1%
1981Andre Dawson
70.6%
1982Andre Dawson
70.6%
1983Andre Dawson
70.6%
1987Andre Dawson
70.6%
1988Andre Dawson
70.6%
2006Carlos Beltran
68.7%
2007Carlos Beltran
68.7%
2000Jim Edmonds
68.5%
Year Name % Correct
2003Jim Edmonds
68.5%
2005Jim Edmonds
68.5%
1967Hank Aaron
66.4%
1984Dale Murphy
64.7%
1985Dale Murphy
64.7%
1986Dale Murphy
64.7%
1998Larry Walker
62.8%
1943Harry Walker
62.7%
1947Harry Walker
62.7%
1991Tony Gwynn
62.6%
1994Tony Gwynn
62.6%
2001Luis Gonzalez
61.7%
2002Vladimir Guerrero
60.7%
2017Charlie Blackmon
58.7%
1944Stan Musial
55.7%
1949Stan Musial
55.7%
1952Stan Musial
55.7%
1954Duke Snider
55.6%
1955Duke Snider
55.6%
1999Sammy Sosa
54.2%
2009Shane Victorino
51.1%
1976George Foster
51%
1977George Foster
51%
1978George Foster
51%
1990Lenny Dykstra
50%
1995Lenny Dykstra
50%
2004Lance Berkman
49.2%
2010Andre Ethier
48.3%
1989Eric Davis
47.2%
1992Andy Van Slyke
46.1%
Year Name % Correct
2016Marcell Ozuna
39.8%
1980Reggie Smith
36.2%
1979Dave Winfield
35.4%
1996Lance Johnson
35.2%
1938Mel Ott
34.3%
1939Mel Ott
34.3%
1969Matty Alou
32.7%
1948Richie Ashburn
28.9%
1951Richie Ashburn
28.9%
1973Cesar Cedeno
26.7%
1993Marquis Grissom
26.3%
1974Jimmy Wynn
24.1%
1975Jimmy Wynn
24.1%
1997Ray Lankford
22.5%
2012Melky Cabrera
22.2%
2008Kosuke Fukudome
20.2%
1950Enos Slaughter
19.4%
1953Gus Bell
13%
1956Gus Bell
13%
1941Pete Reiser
9%
1942Pete Reiser
9%
1933Wally Berger
8.1%
1934Wally Berger
8.1%
1935Wally Berger
8.1%
1940Terry Moore
5.8%
1936Augie Galan
3.2%
1937Frank Demaree
2.7%
1946Johnny Hopp
1.7%

You're not logged in!

Compare scores with friends on all Sporcle quizzes.
Join for Free
OR
Log In

You Might Also Like...

Show Comments

Extras

Top Quizzes Today


Score Distribution

Your Account Isn't Verified!

In order to create a playlist on Sporcle, you need to verify the email address you used during registration. Go to your Sporcle Settings to finish the process.

Report this User

Report this user for behavior that violates our Community Guidelines.

Details: